000 00643cam a22002171 4500
001 45779
090 _a45779
100 _a19931007d1936 cd y0pory5003 ba
101 0 _apor
102 _aPT
200 1 _aHistória do grande cavaleiro sem medo
_fVirgínia de Castro e Almeida
210 9 _aLisboa
_cEdicões S.P.N.,
_d1936
215 _a14 p.
_d24 cm
225 2 _aPátria
_v2
675 _a821.134.3-34
700 1 _aAlmeida,
_bVirgínia de Castro e,
_f1874-1945
801 0 _aPT
_bBN
_gRPC
856 4 0 _uhttps://purl.pt/39901
856 4 1 _uhttps://purl.pt/39901/service/media/cover/low
856 4 9 _uhttps://purl.pt/39901/service/media/pdf
990 _cLIVROS